Médaillés d'or francais JO d'été 2000-2024 - Statistiques

Statistiques générales
  • Ce quiz a été pris 89 fois
  • Le résultat moyen est 35 sur 78
Statistiques - réponses
Hint Réponse % Correct
Judo Riner
93%
Judo Riner
93%
Judo Riner
93%
Natation Marchand
91%
Natation Marchand
91%
Natation Marchand
91%
Natation Marchand
91%
Sport co Handball
82%
Sport co Handball
82%
Sport Co Handball F
82%
Sport Co Handball H
82%
Natation Manaudou
82%
Natation Manaudou
82%
Sport Co Volley-Ball
82%
Canoë-kayak Estanguet
81%
Canoë-kayak Estanguet
81%
Canoë-kayak Estanguet
81%
Sport Co Volley-Ball
81%
Sport Co Rugby a 7
72%
Natation Agnel / Bernard / Gilot / Lefert / Leveaux / Stravius
70%
Canoë-kayak Fer
70%
VTT Ferrand-Prévot
70%
Boxe Yoka
67%
Judo Agbegnenou
66%
Triathlon Beaugrand
66%
Natation Bernard
64%
Escrime Apithy-Brunet
61%
Cyclisme piste Thomas
61%
Judo Douillet
60%
Athlétisme Lavillenie
60%
BMX Daudet
58%
Judo Par équipe
58%
Judo Par équipe
58%
VTT Absalon
55%
VTT Absalon
55%
Boxe Mossely
55%
Natation Agnel
54%
Surf Vaast
54%
Karate Da Costa
46%
Natation Muffat
45%
Taekwondo Laurin
40%
Canoë-kayak Gestin
39%
Tir Quiquampoix
39%
Escrime Cannone
37%
Voile Picon
33%
Judo Andeol
31%
Boxe Asloum
31%
Escrime Le Pechoux / Lefort / Mertine / Pauty
30%
Escrime Borel / Grumier / Jerent / Lucenay
25%
Gymnastique artistique Le Pennec
25%
Equitation Laghouag / Lemoine / Nicolas / Vallette
22%
Judo Decosse
21%
Aviron Adrodias / Boucheron
19%
VTT Bresset
19%
Cyclisme piste Gane / Rousseau / Tournant
19%
Cyclisme piste Rousseau
19%
Canoë-kayak Gargaud
18%
VTT Martinez
16%
Cyclisme piste Ballanger
15%
Cyclisme piste Ballanger
15%
Lutte Guenot
15%
Equitation Bost / Leprevost / Rozier / Staut
13%
Escrime Boisse / Jeannet / Jeannet / Obry
12%
BMX Chausson
12%
Equitation Boiteau / Courreges / Lyard / Teulere / Touzaint
10%
Escrime Jeannet / Jeannet / Robeiri
10%
Escrime Ferrari / Guyart / Lhotellier / Plumenail
7%
Escrime Guyart
7%
Judo Vandenhende
7%
Aviron Andrieux / Rolland
6%
Aviron Azou / Houin
6%
Tir Dumoulin
6%
Canoë-kayak Peschier
4%
Escrime Pillet / Touya / Touya
4%
Escrime Lopez / Pillet / Sanson
3%
Voile Merret
3%
Aviron Bette / Dorfman / Hocde / Porchier
1%
Aviron Hardy / Vieilledent
1%
Aucun quiz correspondant
Distribution des résultats
% des personnes avec chaque résultat
Percentile par nombre de réponses
Votre historique - résultats
Vous n’avez pas pris ce quiz